[Event "Balkan Youth Online-ch 2020"]
[Site "Online"]
[Date "2020.10.31"]
[Round "3.5"]
[White "Petrovski, Nikola"]
[Black "Alimema, Alvin"]
[Result "0-1"]
[WhiteElo "1031"]
[BlackElo "1110"]
[Annotator "NA RC"]
[PlyCount "116"]
[EventDate "2020.10.31"]
[EventType "swiss"]
[SourceTitle "playchess.com"]
[Source "ChessBase"]
[SourceQuality "1"]
[TimeControl "1500+5"]

1. d4 {[%emt 0:00:00]} Nf6 {[%emt 0:00:00]} 2. c4 {[%emt 0:00:00]} e5 {[%emt 0:00:14]} 3. Nf3 {[%emt 0:00:03]} exd4 {[%emt 0:00:06]} 4. Nxd4 {[%emt 0:00:00]} Nc6 {[%emt 0:00:04]} 5. Nc2 {[%emt 0:00:03]} Be7 {[%emt 0:00:15]} 6. Nc3 {[%emt 0:00:03]} d6 {[%emt 0:00:56]} 7. Bg5 {[%emt 0:00:01]} h6 {[%emt 0:00:48]} 8. Bxf6 {[%emt 0:00:10]} Bxf6 {[%emt 0:00:05]} 9. e3 {[%emt 0:00:00]} Bxc3+ {[%emt 0:00:18]} 10. bxc3 {[%emt 0:00:00]} Ne5 {[%emt 0:00:41]} 11. f4 {[%emt 0:00:09]} Nc6 {[%emt 0:00:53]} 12. Nd4 {[%emt 0:00:03]} Qe7 {[%emt 0:01:00]} 13. Qd3 {[%emt 0:00:09]} Bd7 {[%emt 0:00:52]} 14. Be2 {[%emt 0:00:05]} O-O {[%emt 0:02:20]} 15. O-O {[%emt 0:00:03]} Rfe8 {[%emt 0:00:33]} 16. Rf3 {[%emt 0:01:07]} Nxd4 {[%emt 0:02:51]} 17. cxd4 {[%emt 0:00:03]} Bg4 {[%emt 0:00:14]} 18. Rg3 {[%emt 0:00:01]} Bxe2 {[%emt 0:00:25]} 19. Qxe2 {[%emt 0:00:03]} Qf6 {[%emt 0:00:12]} 20. Rd1 {[%emt 0:00:34]} Re4 {[%emt 0:00:26]} 21. Qf3 {[%emt 0:00:43]} Rae8 {[%emt 0:00:35]} 22. Rd3 {[%emt 0:00:30]} Qe6 {[%emt 0:02:45]} 23. Qh5 {[%emt 0:02:03]} Rxf4 {[%emt 0:02:07]} 24. Rd1 {[%emt 0:00:34]} Rf5 {[%emt 0:00:58]} 25. Qg4 {[%emt 0:00:35]} Rg5 {[%emt 0:00:28]} 26. Qxe6 {[%emt 0:00:05]} Rxe6 {[%emt 0:00:01]} 27. Rxg5 {[%emt 0:00:08]} hxg5 {[%emt 0:00:00]} 28. Kf2 {[%emt 0:00:00]} f5 {[%emt 0:00:13]} 29. g3 {[%emt 0:00:16]} b6 {[%emt 0:00:13]} 30. Rf1 {[%emt 0:01:23]} g6 {[%emt 0:00:43]} 31. Ke2 {[%emt 0:00:04]} Re4 {[%emt 0:00:21]} 32. Kd3 {[%emt 0:00:05]} Kf7 {[%emt 0:00:34]} 33. h3 {[%emt 0:00:18]} Ke6 {[%emt 0:00:19]} 34. d5+ {[%emt 0:01:09]} Kf6 {[%emt 0:00:39]} 35. g4 {[%emt 0:00:18]} Re8 {[%emt 0:00:11]} 36. gxf5 {[%emt 0:00:04]} gxf5 {[%emt 0:00:00]} 37. Kd4 {[%emt 0:01:02]} Rh8 {[%emt 0:00:44]} 38. Rf3 {[%emt 0:00:15]} Rh4+ {[%emt 0:00:13]} 39. Kd3 {[%emt 0:00:00]} Ke5 {[%emt 0:00:22]} 40. Rg3 {[%emt 0:00:21]} Rh5 {[%emt 0:00:43]} 41. a3 {[%emt 0:00:18]} a6 {[%emt 0:00:11]} 42. a4 {[%emt 0:00:01]} a5 {[%emt 0:00:30]} 43. Rf3 {[%emt 0:00:01]} Rh4 {[%emt 0:00:16]} 44. Rg3 {[%emt 0:00:17]} Kf6 {[%emt 0:00:34]} 45. Rf3 {[%emt 0:00:05]} Re4 {[%emt 0:00:22]} 46. Rf2 {[%emt 0:00:39]} Kg6 {[%emt 0:00:17]} 47. Rg2 {[%emt 0:00:13]} Kh5 {[%emt 0:00:06]} 48. Rg3 {[%emt 0:00:00]} Kh4 {[%emt 0:00:13]} 49. Rf3 {[%emt 0:00:00]} Re5 {[%emt 0:00:00]} 50. Kd4 {[%emt 0:00:01]} g4 {[%emt 0:00:36]} 51. hxg4 {[%emt 0:00:02]} fxg4 {[%emt 0:00:14]} 52. Rf4 {[%emt 0:00:00]} Kh3 {[%emt 0:00:02]} 53. Rf8 {[%emt 0:00:09]} Rg5 {[%emt 0:00:07]} 54. Rh8+ {[%emt 0:00:01]} Kg2 {[%emt 0:00:00]} 55. Ke4 {[%emt 0:00:03]} g3 {[%emt 0:00:03]} 56. Kf4 {[%emt 0:00:02]} Rg7 {[%emt 0:00:11]} 57. Ke4 {[%emt 0:00:43]} Kf1 {[%emt 0:00:14]} 58. Kf3 {[%emt 0:00:01]} g2 {[%emt 0:00:09]} 0-1

[Event "Balkan Youth Online-ch 2020"]
[Site "Online"]
[Date "2020.10.31"]
[Round "3.6"]
[White "Stefanoski, Daniel"]
[Black "Ivanov, Andrey A."]
[Result "0-1"]
[WhiteElo "1129"]
[BlackElo "2180"]
[Annotator "TA"]
[PlyCount "64"]
[EventDate "2020.10.31"]
[EventType "swiss"]
[SourceTitle "playchess.com"]
[Source "ChessBase"]
[SourceQuality "1"]

{[%evp 12,64,27,-18,195,218,199,200,214,-399,-389,-397,-401,-520,-516,-516,-493,-498,-413,-423,-411,-414,-414,-425,-407,-439,-439,-448,-443,-440,-424,-486,-474,-656,-650,-610,-589,-580,-573,-667,-608,-1430,-1135,-1122,-1127,-5687,-5826,-29976,-29977,-29976,-29976,-29979,-29981,-29983,-29981]} 1. e4 c5 2. Nf3 e6 3. d4 cxd4 4. Nxd4 a6 5. Nc3 Qc7 6. Be2 Nf6 7. Bg5 Nxe4 $2 {B43: Sicilian: Kan Variation: 5 Nc3.} (7... Ba3 $11 8. Qb1 b5) 8. Nxe4 $18 Qe5 {[#]} 9. f3 $146 {Threatens to win with Qd2.} ({Predecessor:} 9. Bf3 d5 10. Bc1 dxe4 11. Be2 Bc5 12. Be3 Nd7 13. O-O O-O 14. Qd2 Bd6 15. f4 {1-0 (58) Roquero Redondo,M-Andrade Sandoval,M (1226) Madrid 2018}) 9... d5 {[#]White is clearly better.} 10. Bd3 $4 {[%mdl 8192]} (10. Bh4 $1 $18 {was the only winning move.}) 10... dxe4 $19 11. f4 Qa5+ ({Wrong is} 11... Qxd4 $2 {[#]} 12. Bb5+ $1 {[%mdl 512]} axb5 13. Qxd4 $18) 12. Qd2 Qxd2+ 13. Kxd2 exd3 14. Kxd3 Be7 15. Bxe7 Kxe7 16. Rhe1 Rd8 17. Kc3 Bd7 18. Rad1 Nc6 19. Nf5+ Kf6 20. Nd6 Rab8 21. Re2 Ne7 22. g4 Nd5+ 23. Kb3 {[#]} Ba4+ $1 {[%mdl 576] Discovered Attack} 24. Kxa4 Rxd6 25. Red2 Rbd8 {Strongly threatening ...Nb6+.} 26. c4 {[#]} Nc3+ $1 {[%mdl 512]} 27. bxc3 Rxd2 28. Rxd2 Rxd2 {KR-KP} 29. Ka5 Rxa2+ {Black mates.} 30. Kb6 Rc2 31. Kxb7 Rxc3 32. Kxa6 Rxc4 {Av CentiPawn Loss W=-184/B=-25. Weighted=-218/-37} 0-1

[Event "Balkan Youth Online-ch 2020"]
[Site "Online"]
[Date "2020.10.31"]
[Round "3.12"]
[White "Mogirzan, Matei-Valeriu"]
[Black "Tsarsitalidis, Christos"]
[Result "1/2-1/2"]
[WhiteElo "1813"]
[BlackElo "1786"]
[Annotator "NA RC"]
[PlyCount "122"]
[EventDate "2020.10.31"]
[EventType "swiss"]
[SourceTitle "playchess.com"]
[Source "ChessBase"]
[SourceQuality "1"]
[TimeControl "1500+5"]

1. d4 {[%emt 0:00:00]} d5 {[%emt 0:00:00]} 2. c4 {[%emt 0:00:00]} e6 {[%emt 0:00:00]} 3. Nc3 {[%emt 0:00:00]} Bb4 {[%emt 0:00:00]} 4. cxd5 {[%emt 0:00:00]} exd5 {[%emt 0:00:00]} 5. e3 {[%emt 0:00:00]} Nf6 {[%emt 0:00:00]} 6. Nf3 {[%emt 0:00:00] D31: Queen's Gambit Declined: Semi-Slav without ...Nf6 (+ Marshall Gambit and Noteboom) and Exchange Variation lines without ...Nf6.} Bg4 {[%emt 0:00:00]} 7. Qa4+ {[%emt 0:00:24]} Nc6 {[%emt 0:00:00]} 8. Ne5 {[%emt 0:00:07]} Bd7 {[%emt 0:00:12] [#]} 9. Nxd7 $146 {[%emt 0:00:23]} ({Predecessor:} 9. Nxc6 Bxc3+ 10. bxc3 Bxc6 11. Qc2 Kf8 12. f3 h5 13. h4 Kg8 14. Bd3 Qd6 15. a4 {1-0 (57) Deforel,J (2025)-Sazonov,N (1992) ICCF email 2018}) 9... Qxd7 {[%emt 0:01:02]} 10. Bd3 {[%emt 0:00:53]} O-O {[%emt 0:02:05]} 11. O-O {[%emt 0:00:22]} a6 {[%emt 0:00:07]} 12. Qd1 {[%emt 0:02:02]} Ne7 {[%emt 0:00:22]} 13. Qf3 {[%emt 0:04:37]} Ng6 {[%emt 0:01:06]} 14. Bxg6 {[%emt 0:00:30]} hxg6 {[%emt 0:00:00]} 15. Bd2 {[%emt 0:00:42]} Bxc3 {[%emt 0:00:12]} 16. bxc3 {[%emt 0:01:15]} Ne4 {[%emt 0:00:00]} 17. Qd1 {[%emt 0:02:36]} Rfe8 {[%emt 0:00:18]} 18. f3 {[%emt 0:01:13]} Nd6 {[%emt 0:00:10]} 19. Qc2 {[%emt 0:01:08]} Nc4 {[%emt 0:00:45]} 20. Rae1 {[%emt 0:00:22]} f5 {[%emt 0:00:58]} 21. e4 {[%emt 0:01:54]} Nxd2 {[%emt 0:02:00]} (21... dxe4 $17 22. Bf4 exf3) 22. Qxd2 {[%emt 0:00:00]} dxe4 {[%emt 0:00:00]} 23. fxe4 {[%emt 0:00:00]} Rxe4 {[%emt 0:00:00]} 24. Rxe4 {[%emt 0:00:27]} fxe4 {[%emt 0:00:00]} 25. Qf4 {[%emt 0:00:26]} Qe7 {[%emt 0:00:00]} 26. Re1 {[%emt 0:01:07]} Re8 {[%emt 0:00:00]} 27. Qg4 {[%emt 0:00:34]} g5 {[%emt 0:00:50]} 28. Re3 {[%emt 0:00:53]} b5 {[%emt 0:08:12]} 29. Qf5 {[%emt 0:01:32] [#]} (29. h3 $11 {remains equal.}) 29... Qf6 $1 {[%emt 0:03:05]} 30. Qd5+ {[%emt 0:00:12] [#]} Kh7 $1 {[%emt 0:01:00]} 31. h4 {[%emt 0:02:51]} gxh4 {[%emt 0:01:46]} 32. Qh5+ {[%emt 0:00:00]} Qh6 {[%emt 0:00:00]} 33. Qf5+ {[%emt 0:00:56]} Qg6 {[%emt 0:00:00]} 34. Qf4 {[%emt 0:00:02]} Qh6 {[%emt 0:03:24]} 35. Rxe4 {[%emt 0:00:01]} Qxf4 {[%emt 0:00:00]} 36. Rxf4 {[%emt 0:00:00]} Re3 {[%emt 0:00:00]} 37. Rxh4+ {[%emt 0:00:00]} Kg8 {[%emt 0:00:00]} 38. Rh3 {[%emt 0:00:05]} Re1+ {[%emt 0:00:00]} 39. Kh2 {[%emt 0:00:12]} Ra1 {[%emt 0:00:00]} 40. Re3 {[%emt 0:00:16]} Kf7 {[%emt 0:00:23]} 41. Re2 {[%emt 0:00:00]} Rc1 {[%emt 0:00:00]} 42. Re3 {[%emt 0:00:06]} Rc2 {[%emt 0:00:00]} 43. a3 $17 {[%emt 0:00:09]} Kf6 {[%emt 0:00:25]} 44. Rf3+ {[%emt 0:00:09]} Ke6 {[%emt 0:00:01]} 45. Rg3 {[%emt 0:00:00]} Kd6 {[%emt 0:00:09]} 46. Rxg7 {[%emt 0:00:06]} Rxc3 {[%emt 0:00:00]} 47. Rg6+ {[%emt 0:00:10]} Kd5 {[%emt 0:00:00]} 48. Rxa6 {[%emt 0:00:00]} Kxd4 {[%emt 0:00:00]} 49. g4 {[%emt 0:00:00]} Rc2+ {[%emt 0:00:18]} 50. Kg3 {[%emt 0:00:01]} Ra2 {[%emt 0:00:02]} 51. g5 {[%emt 0:00:17]} b4 {[%emt 0:00:11]} 52. g6 {[%emt 0:00:02]} Ra1 {[%emt 0:00:04]} 53. Kf2 {[%emt 0:00:07]} Ra2+ {[%emt 0:00:06]} 54. Kf3 {[%emt 0:00:03]} Ra1 {[%emt 0:00:04]} 55. g7 {[%emt 0:00:11]} Rg1 {[%emt 0:00:02]} 56. axb4 {[%emt 0:00:00]} Rxg7 {[%emt 0:00:00]} 57. Rc6 {[%emt 0:00:00]} Re7 {[%emt 0:00:04]} 58. b5 {[%emt 0:00:10]} Kd5 {[%emt 0:00:08]} 59. Rc1 {[%emt 0:00:00]} Kd6 {[%emt 0:00:11]} 60. Rc6+ {[%emt 0:00:00]} Kd5 {[%emt 0:00:04]} 61. Rc1 {[%emt 0:00:00]} Kd6 {[%emt 0:00:05]} 1/2-1/2

[Event "Balkan Youth Online-ch 2020"]
[Site "Online"]
[Date "2020.10.31"]
[Round "3.13"]
[White "Magold, Filip"]
[Black "Ipek, Egehan"]
[Result "1-0"]
[WhiteElo "2043"]
[BlackElo "1723"]
[Annotator "RC"]
[PlyCount "21"]
[EventDate "2020.10.31"]
[EventType "swiss"]
[SourceTitle "playchess.com"]
[Source "ChessBase"]
[SourceQuality "1"]
[TimeControl "5400+30"]

1. e4 {[%emt 1:05:20]} c5 {[%emt 1:05:23]} 2. Nf3 {[%emt 0:00:22]} e6 {[%emt 0:00:22]} 3. d4 {[%emt 0:00:27]} cxd4 {[%emt 0:00:22]} 4. Nxd4 {[%emt 0:00:21]} Nc6 {[%emt 0:00:21]} 5. Nxc6 {[%emt 0:00:27]} b6 {[%emt 0:00:23]} 6. Nxd8 {[%emt 0:00:32]} Kxd8 {[%emt 0:00:36]} 7. Bf4 {[%emt 0:00:27]} Nf6 {[%emt 0:00:32]} 8. Nc3 {[%emt 0:00:22]} Bb4 {[%emt 0:00:24]} 9. Bd3 {[%emt 0:00:27]} d5 {[%emt 0:00:26]} 10. exd5 {[%emt 0:00:24]} Nxd5 {[%emt 0:00:22]} 11. Be4 {[%emt 0:00:22]} 1-0

[Event "Balkan Youth Online-ch 2020"]
[Site "Online"]
[Date "2020.10.31"]
[Round "3.15"]
[White "Cimperman, Teo"]
[Black "Papaioannou, Dimitrios"]
[Result "0-1"]
[WhiteElo "1488"]
[BlackElo "1924"]
[Annotator "TA"]
[PlyCount "60"]
[EventDate "2020.10.31"]
[EventType "swiss"]
[SourceTitle "playchess.com"]
[Source "ChessBase"]
[SourceQuality "1"]

{[%evp 18,59,0,0,0,-4,-10,-18,-6,-20,-8,-28,-28,-145,-150,-148,-148,-152,-151,-385,-385,-386,-391,-479,-424,-594,-599,-769,-758,-1036,-1019,-1822,-984,-1331,-1302,-29986,-29987,-29990,-29988,-29996,-29997,-29998,-29998,-29999]} 1. e4 c5 2. Nf3 d6 3. d4 cxd4 4. Nxd4 Nf6 5. Nc3 a6 6. Bc4 e6 7. f3 Be7 8. Be3 O-O 9. O-O b5 10. Bb3 Bd7 {B87: Sicilian Scheveningen/Najdorf: 6 Bc4, with early ...b5.} 11. Qd2 Nc6 12. Rad1 Ne5 {The position is equal.} 13. a3 Rc8 {[#]} 14. Bf4 $146 ({Predecessor:} 14. Kh1 Nc4 15. Bxc4 Rxc4 16. Nde2 Qb8 17. Bg5 Rfc8 18. e5 Nd5 19. Bxe7 Nxe7 20. Qxd6 Qxd6 21. Rxd6 {1-0 (45) Bau,E-Sullivan,B Vancouver 2002}) 14... Qc7 15. Bxe5 (15. Rfe1 $11) 15... dxe5 $17 16. Nde2 Rfd8 17. Qe1 a5 {[%cal Ba6a5,Ba5b4][%mdl 32]} 18. Qh4 $2 {[#]} (18. Kh1 $17) 18... b4 $19 19. axb4 axb4 20. Na2 Bb5 21. Nac1 (21. Rxd8+ {might work better.} Rxd8 22. Qe1) 21... Nd5 22. Qh3 Ne3 {[%mdl 64] [#] Double Attack} 23. Rxd8+ Rxd8 24. Re1 Nxc2 25. Bxc2 Qxc2 26. b3 Bc5+ {Black mates.} 27. Kf1 Bb6 28. Qg3 Qc5 {[%csl Gb6][%cal Rc5g1]} 29. Qxg7+ Kxg7 {[%csl Gb6][%cal Rc5g1]} 30. g4 Qf2# {White did not feel at home in the position after the opening. Av CentiPawn Loss W=-172/B=-47. Weighted=-110/-20} 0-1

[Event "Balkan Youth Online-ch 2020"]
[Site "Online"]
[Date "2020.10.31"]
[Round "3.16"]
[White "Lavrencic, Matic"]
[Black "Milanovic, Marko"]
[Result "1-0"]
[WhiteElo "2018"]
[BlackElo "2066"]
[Annotator "TA"]
[PlyCount "113"]
[EventDate "2020.10.31"]
[EventType "swiss"]
[SourceTitle "playchess.com"]
[Source "ChessBase"]
[SourceQuality "1"]

{[%evp 24,113,33,13,39,45,56,21,22,10,11,14,72,59,74,37,71,62,78,69,87,52,49,-199,-191,-206,-131,-225,11,-294,35,41,44,-127,0,-36,967,951,949,929,937,929,854,397,374,370,388,381,449,534,537,529,536,535,534,530,511,519,505,464,594,598,719,691,683,701,1092,1077,2193,2137,5864,5779,12849,9214,29970,29971,29981,1679,29980,29981,29981,29982,29982,29983,29983,29984,29984,29985,29986,29986,29987,29980]} 1. e4 e5 2. Nf3 Nc6 3. Bb5 a6 4. Ba4 Nf6 5. O-O Be7 6. Re1 b5 7. Bb3 d6 8. c3 O-O 9. h3 Nb8 10. d4 Nbd7 11. Nbd2 {[%cal Bb1d2,Bd2f1,Bf1g3,Bg3e2][%mdl 32]} Bb7 12. Bc2 Re8 13. Nf1 c5 {C95: Closed Ruy Lopez: Breyer Variation with 10 d4.} 14. d5 c4 15. Ng3 g6 {The position is equal.} 16. Nh2 h5 17. Be3 {[#]} h4 $146 (17... Qc7 $11 {keeps the balance.}) ({Predecessor:} 17... Nh7 18. Nf3 Qc7 19. Qd2 Nc5 20. b4 cxb3 21. axb3 {1-0 (36) Song,Y (2308)-Winkelman,A (2176) Xingtai 2019}) 18. Ne2 Nh5 19. Ng4 Ndf6 20. f3 Nh7 21. Qd2 Bc8 22. Rf1 Bg5 23. f4 $2 (23. b3 $14) 23... exf4 $1 $19 24. Nxf4 Ng3 25. Rf3 (25. Nf2 $17 {was necessary.}) 25... Nxe4 $2 (25... Bxg4 $1 $19 26. hxg4 Nf6) 26. Qd4 $2 {[%mdl 8192]} (26. Bxe4 $11 {and White is okay.} Rxe4 {[#]} 27. Ne6 $1 {[%mdl 512]} Bxe6 28. Bxg5 Qxg5 29. Nf6+ $1 {[%mdl 512]} Qxf6 30. Rxf6 Nxf6 31. dxe6 Rxe6 32. Qf4) 26... Bf5 $2 {[#]} ({Black should try} 26... Bxg4 $19 27. hxg4 Ng3) 27. Nh5 $1 $40 {[%mdl 640] White has some attack.} gxh5 28. Rxf5 $2 (28. Bxg5 $14 Nhxg5 29. Nh6+ Kh7 30. Rxf5 Kxh6 31. Raf1) 28... Ng3 ({Better is} 28... hxg4 $17 29. Bxe4 Bf6 30. Rxf6 Nxf6) 29. Rxg5+ {[%mdl 64] Remove Defender} (29. Bxg5 $5 {[%cal Rg4h6]} Ne2+ 30. Kh2 Nxd4 31. Nh6+ {[%mdl 64] Double Attack} Kh8 32. Nxf7+ (32. Bxd8 Nxf5 33. Bxf5 Kg7 $11) 32... Kg8 33. Nh6+ (33. Nxd8 Nxf5 34. Ne6 Nxg5 $17) 33... Kh8 34. Nf7+ (34. Bxd8 Nxf5 35. Bxf5 Kg7 $11) 34... Kg8 35. Nh6+ (35. Nxd8 Nxf5 36. Ne6 Nxg5 $17) 35... Kh8 36. Bxd8 Nxc2 37. Rc1 $11) 29... Nxg5 $4 {[%mdl 8192] White leaves nothing to chance now.} (29... Qxg5 $15 30. Bxg5 (30. Nh6+ $2 Qxh6 31. Bxh6 Ne2+ {[%mdl 64] Double Attack} 32. Kf2 Nxd4 $19) 30... Ne2+ {[%mdl 64] Double Attack} 31. Kf1 Nxd4 32. Bxh7+ Kxh7 33. Nf6+ Kg6 34. Nxe8 Rxe8 35. Bxh4 Nc2) 30. Nh6+ $18 {[%mdl 64] Discovered Attack} ({Inferior is} 30. Nf6+ Kf8 $11) 30... Kf8 31. Qh8+ Ke7 32. Bxg5+ Kd7 33. Bxd8 (33. Qg7 $142 Re7 34. Bxh4 {[%mdl 64] Discovered Attack}) 33... Rxh8 34. Bxh4 Ne2+ 35. Kf2 Nxc3 36. bxc3 Rxh6 37. Re1 f6 38. Bf5+ Kc7 39. Re7+ Kb6 40. Re6 Kc7 {[#]} 41. Bg5 $1 {[%mdl 512]} Rhh8 (41... fxg5 42. Rxh6) 42. Bxf6 Rhf8 43. g4 hxg4 44. hxg4 Rae8 45. Rxe8 Rxe8 46. g5 a5 47. Be6 b4 48. cxb4 axb4 49. Ke3 c3 50. Kd3 (50. g6 $142 Rb8 51. g7 c2 52. Kd2 b3 53. axb3 c1=R 54. Kxc1 Ra8 55. g8=Q) 50... Ra8 51. g6 {White mates.} Rxa2 52. g7 Rd2+ 53. Ke3 Rg2 54. g8=Q Rxg8 55. Bxg8 Kb6 56. Kd3 Kc5 {[#]} 57. Bxc3 $1 {Av CentiPawn Loss W=-82/B=-160. Weighted=-109/-133} 1-0

[Event "Balkan Youth Online-ch 2020"]
[Site "Online"]
[Date "2020.10.31"]
[Round "3.17"]
[White "Poupalos, Nikolaos"]
[Black "Markosek, Bine"]
[Result "1-0"]
[WhiteElo "1887"]
[BlackElo "1287"]
[Annotator "NA RC"]
[PlyCount "129"]
[EventDate "2020.10.31"]
[EventType "swiss"]
[SourceTitle "playchess.com"]
[Source "ChessBase"]
[SourceQuality "1"]
[TimeControl "1500+5"]

1. e4 {[%emt 0:00:00]} e5 {[%emt 0:00:00]} 2. Nf3 {[%emt 0:00:00]} Nc6 {[%emt 0:00:00]} 3. Bb5 {[%emt 0:00:00]} a6 {[%emt 0:00:00]} 4. Ba4 {[%emt 0:00:00]} Nf6 {[%emt 0:00:00]} 5. d3 {[%emt 0:00:00]} d6 {[%emt 0:00:00]} 6. c3 {[%emt 0:00:00]} Be7 {[%emt 0:00:00]} 7. O-O {[%emt 0:00:00]} O-O {[%emt 0:00:00]} 8. Re1 {[%emt 0:00:00]} b5 {[%emt 0:00:00]} 9. Bc2 {[%emt 0:00:00]} Bb7 {[%emt 0:00:45] C84: Closed Ruy Lopez: Unusual White 6th moves.} 10. Nbd2 {[%emt 0:00:00]} Qd7 {[%emt 0:00:45]} 11. Nf1 {[%emt 0:00:21] [#]} Na5 $146 {[%emt 0:00:12]} ({Predecessor:} 11... Rfe8 12. Ng3 Bf8 13. Bg5 Qd8 14. h3 h6 15. Bxf6 Qxf6 16. Nh2 g6 17. Re3 Bg7 {1-0 (44) Mazur,A (1731)-Zablocka,K (1292) Poronin 2020}) 12. b4 {[%emt 0:00:15]} Nc6 {[%emt 0:00:02]} 13. Bg5 {[%emt 0:06:13]} h6 {[%emt 0:00:38]} 14. Bh4 {[%emt 0:00:12]} Nh7 {[%emt 0:01:39]} 15. Bg3 {[%emt 0:00:39]} Ng5 {[%emt 0:00:40]} 16. Bb3 {[%emt 0:01:30]} a5 {[%emt 0:00:20]} 17. Nxg5 {[%emt 0:01:18]} Bxg5 {[%emt 0:00:01]} 18. a3 {[%emt 0:00:00]} axb4 {[%emt 0:00:05]} 19. axb4 {[%emt 0:00:00]} Rxa1 {[%emt 0:00:20]} 20. Qxa1 {[%emt 0:00:00]} Ne7 {[%emt 0:00:23]} 21. Ne3 {[%emt 0:02:06]} h5 {[%emt 0:01:28]} 22. h3 {[%emt 0:01:33]} h4 {[%emt 0:00:25]} 23. Bh2 {[%emt 0:00:00]} Kh8 {[%emt 0:01:30]} (23... Ra8 $11 {keeps the balance.} 24. Qb2 Qe8) 24. Qd1 {[%emt 0:00:24]} g6 {[%emt 0:00:29]} (24... Kg8 $14) 25. Qf3 {[%emt 0:00:49]} f5 {[%emt 0:00:23]} 26. g3 {[%emt 0:02:11]} Kg7 {[%emt 0:01:03]} 27. Qg2 {[%emt 0:00:33]} hxg3 {[%emt 0:00:15]} 28. Qxg3 {[%emt 0:00:32]} Bf4 {[%emt 0:00:12]} 29. Qg2 {[%emt 0:00:07]} Bxh2+ {[%emt 0:00:09]} 30. Kxh2 {[%emt 0:00:15]} Rh8 {[%emt 0:01:48]} 31. Nd5 {[%emt 0:01:07]} Nxd5 {[%emt 0:00:21]} 32. exd5 {[%emt 0:00:00]} (32. Bxd5 $17 Bxd5 33. exd5) 32... Bc8 {[%emt 0:00:06]} 33. f4 {[%emt 0:01:19]} exf4 {[%emt 0:00:45]} 34. Qf2 {[%emt 0:00:59]} Re8 {[%emt 0:02:17]} 35. Re6 {[%emt 0:00:00]} Rxe6 {[%emt 0:00:06]} 36. dxe6 {[%emt 0:00:00]} Qe7 $19 {[%emt 0:00:34]} 37. Qe1 {[%emt 0:03:02]} f3 {[%emt 0:01:27]} 38. Qe3 {[%emt 0:00:47]} Bb7 {[%emt 0:01:56]} 39. d4 {[%emt 0:00:50]} g5 {[%emt 0:05:43]} 40. d5 {[%emt 0:00:15]} g4 {[%emt 0:00:05]} 41. Qd4+ {[%emt 0:00:27]} Qf6 {[%emt 0:00:00]} 42. Qxf6+ {[%emt 0:00:31]} Kxf6 {[%emt 0:00:00]} 43. hxg4 {[%emt 0:00:00]} fxg4 {[%emt 0:00:00]} 44. Kg3 {[%emt 0:00:00]} c6 {[%emt 0:00:00]} 45. dxc6 {[%emt 0:00:07]} Bxc6 {[%emt 0:00:00]} 46. c4 {[%emt 0:00:00]} Kxe6 {[%emt 0:00:29]} 47. cxb5+ {[%emt 0:00:00]} Bd5 {[%emt 0:00:00]} 48. b6 {[%emt 0:00:01]} Kd7 {[%emt 0:00:30]} 49. Bxd5 {[%emt 0:00:00]} Kc8 {[%emt 0:00:13]} 50. Kf2 {[%emt 0:00:13]} Kb8 {[%emt 0:00:13]} 51. Ke3 {[%emt 0:00:00]} Kc8 {[%emt 0:00:00]} 52. Kd4 {[%emt 0:00:03]} f2 {[%emt 0:00:20]} 53. Bg2 {[%emt 0:00:00]} f1=Q {[%emt 0:00:20]} 54. Bxf1 {[%emt 0:00:02]} Kb7 {[%emt 0:00:00]} 55. Bg2+ {[%emt 0:00:09]} Kxb6 {[%emt 0:00:00]} 56. Kc4 {[%emt 0:00:00]} g3 {[%emt 0:00:05]} 57. Bf3 {[%emt 0:00:00]} Kc7 {[%emt 0:00:07]} 58. Kb5 {[%emt 0:00:04]} Kb8 {[%emt 0:00:16]} 59. Kc6 {[%emt 0:00:01]} Ka7 {[%emt 0:00:00]} 60. b5 {[%emt 0:00:00]} Kb8 {[%emt 0:00:00]} 61. Kxd6 {[%emt 0:00:00]} Kc8 {[%emt 0:00:00]} 62. Kc6 {[%emt 0:00:00]} Kb8 {[%emt 0:00:00]} 63. Bg2 {[%emt 0:00:00]} Ka7 {[%emt 0:00:15]} 64. b6+ {[%emt 0:00:03]} Kb8 {[%emt 0:00:00]} 65. b7 {[%emt 0:00:00]} 1-0

[Event "Balkan Youth Online-ch 2020"]
[Site "Online"]
[Date "2020.10.31"]
[Round "3.18"]
[White "Ramaj, Ergit"]
[Black "Boeru, Dragos-Matei"]
[Result "0-1"]
[WhiteElo "1444"]
[BlackElo "1756"]
[Annotator "NA RC"]
[PlyCount "66"]
[EventDate "2020.10.31"]
[EventType "swiss"]
[SourceTitle "playchess.com"]
[Source "ChessBase"]
[SourceQuality "1"]
[TimeControl "1500+5"]

1. d4 {[%emt 0:00:00]} d5 {[%emt 0:00:01]} 2. Bf4 {[%emt 0:00:00]} Nf6 {[%emt 0:00:00]} 3. e3 {[%emt 0:00:00]} Nc6 {[%emt 0:00:00]} 4. Nf3 {[%emt 0:00:22]} a6 {[%emt 0:00:07]} 5. h3 {[%emt 0:00:11]} Bf5 {[%emt 0:00:11]} 6. Bd3 {[%emt 0:00:08]} Bg6 {[%emt 0:00:00]} 7. O-O {[%emt 0:00:01]} e6 {[%emt 0:00:00]} 8. c3 {[%emt 0:01:06]} Bd6 {[%emt 0:00:24]} 9. Ne5 {[%emt 0:00:39]} Ne7 {[%emt 0:00:08]} 10. Bh2 {[%emt 0:02:38]} O-O {[%emt 0:00:20]} 11. Bxg6 {[%emt 0:00:09]} Nxg6 {[%emt 0:00:02]} 12. f4 {[%emt 0:00:08]} Ne4 {[%emt 0:01:34]} 13. Nd2 {[%emt 0:00:31]} Nxd2 {[%emt 0:00:30]} 14. Qxd2 {[%emt 0:00:00]} Nxe5 {[%emt 0:00:25]} 15. dxe5 {[%emt 0:00:22]} Bc5 {[%emt 0:00:01]} 16. g4 {[%emt 0:02:33]} Be7 {[%emt 0:01:11]} 17. f5 {[%emt 0:02:23]} exf5 {[%emt 0:00:10]} 18. gxf5 {[%emt 0:00:05]} Bg5 {[%emt 0:00:08]} 19. f6 {[%emt 0:00:28]} gxf6 {[%emt 0:01:00]} 20. Kh1 {[%emt 0:04:59]} fxe5 {[%emt 0:02:55]} 21. Rg1 {[%emt 0:00:37]} Kh8 {[%emt 0:00:19]} 22. Bxe5+ {[%emt 0:00:46]} f6 {[%emt 0:00:04]} 23. Bd4 {[%emt 0:00:54]} Qc8 {[%emt 0:04:03]} 24. Rxg5 {[%emt 0:01:51]} c5 {[%emt 0:00:21]} 25. Rh5 {[%emt 0:00:34]} cxd4 {[%emt 0:00:19]} 26. Qxd4 {[%emt 0:00:29]} Qe6 {[%emt 0:02:00]} 27. Rd1 {[%emt 0:01:26]} Rae8 {[%emt 0:01:00]} 28. Qd3 {[%emt 0:01:04]} Rf7 {[%emt 0:00:54]} 29. Rxd5 {[%emt 0:01:19]} Qxh3+ {[%emt 0:00:03]} 30. Kg1 {[%emt 0:00:15]} Rg7+ {[%emt 0:00:10]} 31. Kf2 {[%emt 0:00:13]} Rg2+ {[%emt 0:00:08]} 32. Ke1 {[%emt 0:00:02]} Qg3+ {[%emt 0:00:04]} 33. Kf1 {[%emt 0:00:18]} Qf2# {[%emt 0:00:00]} 0-1